On the influence of particle morphology on microdeformation in rubber modified poly (methyl methacrylate) (Record no. 64368)

MARC details
000 -LEADER
fixed length control field 00961nam a2200181Ia 4500
100 ## - MAIN ENTRY--AUTHOR NAME
Personal name Plummer C J G
245 #0 - TITLE STATEMENT
Title On the influence of particle morphology on microdeformation in rubber modified poly (methyl methacrylate)
260 ## - PUBLICATION, DISTRIBUTION, ETC. (IMPRINT)
Name of publisher Polymer
Year of publication 1996
300 ## - PHYSICAL DESCRIPTION
Number of Pages 10-Jul
520 ## - SUMMARY, ETC.
Summary, etc Microdeformation in thin filims of rubber modified poly(methyl methacrylate) has been investigated using TEM. The effects of two-layer core-shell particles with rubbery cores, and three-layer particles with galssy cores are compared. While the former undergo relatively coarse cavitation and may act to block fibril drawing in matrix crazes, the rubber shell of the three-layer particles tends to fibrillate, and they are readily incorporated in the crazes.
650 ## - SUBJECT ADDED ENTRY--TOPICAL TERM
Topical Term Crazing
650 ## - SUBJECT ADDED ENTRY--TOPICAL TERM
Topical Term Poly(methyl methacrylate)
650 ## - SUBJECT ADDED ENTRY--TOPICAL TERM
Topical Term Rubber toughening
700 ## - ADDED ENTRY--PERSONAL NAME
Personal name Beguelin Ph
700 ## - ADDED ENTRY--PERSONAL NAME
Personal name Kausch H H
942 ## - ADDED ENTRY ELEMENTS (KOHA)
Koha item type Journals
Holdings
Withdrawn status Lost status Damaged status Not for loan Home library Current library Shelving location Date acquired Serial Enumeration / chronology Koha item type
      Journals RRII Library RRII Library Rubber chemistry 17/12/2021 Volume 37, Issue 1 Journals